MARC

LEADER 00000nam0a2200000 4500
001 284958
005 20231101235740.0
020 |a RU  |b 85-6413 
035 |a (RuTPU)RU\TPU\book\309155 
090 |a 284958 
100 |a 20150219d1984 m y0rusy5003 ca 
101 0 |a rus 
102 |a RU 
105 |a a j 000zy 
200 1 |a Введение в специальность "Электрические системы"  |e учебное пособие  |f И. П. Сиуда  |g Новочеркасский политехнический институт им. Серго Орджоникидзе (НПИ) 
210 |a Новочеркасск  |c Изд-во НПИ  |d 1984 
215 |a 88 с.  |c ил. 
606 1 |a Электроэнергетические системы  |2 stltpush  |3 (RuTPU)RU\TPU\subj\21043  |9 46092 
610 1 |a электрические системы 
610 1 |a энергетические ресурсы 
610 1 |a использование 
610 1 |a электростанции 
610 1 |a оборудование 
610 1 |a характеристики 
610 1 |a электрические сети 
610 1 |a режимы 
610 1 |a управление 
610 1 |a рационализация 
610 1 |a учебные пособия 
675 |a 621.311(075.8)  |z rus  |v 3 
700 1 |a Сиуда  |b И. П.  |g Илья Петрович  |4 070 
712 0 2 |a Новочеркасский политехнический институт им. Серго Орджоникидзе (НПИ)  |c (1948-1993)  |2 stltpush  |3 (RuTPU)RU\TPU\col\227 
801 0 |a RU  |b RuMRKP  |c 19950704  |g psbo 
801 1 |a RU  |b 63413507  |c 20150219 
801 2 |a RU  |b 63413507  |c 20171031  |g RCR 
942 |c BK